Apuntes sobre las opciones de desarrollo para México y América Latina.

Teórie ekonomického rozvoja Mexika a Latinskej Ameriky od 50. rokov - polemiky, zmeny, aktualizácia. Analýza vývoja teórie, základné elementy a niektoré budúce alternatívy. Nový model rozvoja. Rozširovanie vzťahov s ostatným svetom. Neoštrukturalizmus. Rozvojová politika. Rozmach ťažby ropy v 70. ro...

Descrizione completa

Salvato in:
Dettagli Bibliografici
Autore principale: Kuri Gaytán, A.
Natura: Capitolo di libro
Lingua:spagnolo
Soggetti:
Tags: Aggiungi Tag
Nessun Tag, puoi essere il primo ad aggiungerne!!

MARC

LEADER 00000naa a2200000 4500
001 r004953
005 20221130102700.7
041 0 |a spa 
044 |a MX 
245 1 0 |a Apuntes sobre las opciones de desarrollo para México y América Latina.  |c A. Kuri Gaytán 
520 |a Teórie ekonomického rozvoja Mexika a Latinskej Ameriky od 50. rokov - polemiky, zmeny, aktualizácia. Analýza vývoja teórie, základné elementy a niektoré budúce alternatívy. Nový model rozvoja. Rozširovanie vzťahov s ostatným svetom. Neoštrukturalizmus. Rozvojová politika. Rozmach ťažby ropy v 70. rokoch a jeho dôsledky. Problematika zahraničného zadlženia - program stabilizačných úprav. 
610 2 0 |a rozvoj hospodársky 
610 2 0 |a Mexiko 
610 2 0 |a Latinská Amerika 
610 2 0 |a modely ekonomické 
610 2 0 |a ťažba surovín 
610 2 0 |a ropa 
610 2 0 |a zadlženosť zahraničná 
610 2 0 |a stabilizácia hospodárstva 
100 1 |a Kuri Gaytán, A.